[Event "European Ind w 2012"]
[Site "Gaziantep TUR"]
[Date "2012.03.09"]
[Round "7"]
[White "De Seroux,C"]
[Black "Drljevic,L"]
[Result "1-0"]
[WhiteElo "2122"]
[BlackElo "2278"]

1.e4 d6 2.d4 g6 3.Nc3 Bg7 4.f4 Nf6 5.Nf3 O-O 6.Be3 b6 7.Qe2 Ba6 8.Qd2 Bb7
9.e5 Ng4 10.O-O-O dxe5 11.Nxe5 Nf6 12.h4 Nbd7 13.Bb5 Nxe5 14.fxe5 Ng4 15.h5 c5
16.hxg6 hxg6 17.Qe2 Qc8 18.dxc5 Nxe5 19.Bd4 Qf5 20.Kb1 bxc5 21.Bxc5 Nc6 22.Nd5 Rfe8
23.Bxc6 Bxc6 24.Rhf1 Qg5 25.Nxe7+ Kf8 26.Qc4 Bf6 27.Rxf6 Bd5 28.Nxd5+ Kg7
29.Qd4 Re5 30.Bd6 Rxd5 31.Rxg6+ Kxg6 32.Qxd5 Qxd5 33.Rxd5 Re8 34.b3 Kf6 35.Rd2 Re1+
36.Kb2 Ke6 37.Bc5 a5 38.Bb6  1-0

[Event "Reykjavik Open"]
[Site "Reykjavik ISL"]
[Date "2012.03.09"]
[Round "4.59"]
[White "Scholzen,W"]
[Black "Mozelius,P"]
[Result "1-0"]
[WhiteElo "2127"]
[BlackElo "1882"]

1.d4 g6 2.e4 Bg7 3.Nc3 d6 4.Be3 a6 5.Qd2 Nd7 6.f3 b5 7.a3 Bb7 8.h4 h5 9.Nh3 Ngf6
10.Nf2 Rc8 11.Be2 c5 12.d5 Qc7 13.g4 Nb6 14.f4 hxg4 15.Bxg4 Nxg4 16.Nxg4 Nc4
17.Qc1 b4 18.axb4 cxb4 19.Nd1 Nxb2 20.Nxb2 Qc3+ 21.Bd2 Qxb2 22.Qxb2 Bxb2
23.Rb1 Bc3 24.Bxc3 Rxc3 25.Rxb4 Bc8 26.Kd2 Ra3 27.e5 Rh5 28.Rb8 Kd7 29.Ne3 Ra4
30.exd6 Rd4+  1-0

[Event "Reykjavik Open"]
[Site "Reykjavik ISL"]
[Date "2012.03.09"]
[Round "4.56"]
[White "Langer,M USA"]
[Black "Guisset,P"]
[Result "0-1"]
[WhiteElo "2217"]
[BlackElo "1926"]

1.e4 d6 2.d4 g6 3.Nc3 Bg7 4.Be3 a6 5.Qd2 Nd7 6.O-O-O c6 7.f4 b5 8.Nf3 b4
9.Na4 Qa5 10.b3 Ngf6 11.Bd3 Rb8 12.Kb1 Nb6 13.Nb2 O-O 14.a4 d5 15.e5 Ne4
16.Bxe4 dxe4 17.Ng5 Bf5 18.h3 f6 19.g4 fxg5 20.gxf5 Rxf5 21.fxg5 Rbf8 22.Rde1 Nd5
23.Nc4 Qd8 24.Kc1 Qc8 25.Qg2 Rf3 26.Bg1 Nf4 27.Qg4 Rxh3 28.Qxc8 Rxc8 29.Rxh3 Nxh3
30.Ne3 Rf8 31.Ng2 c5 32.Rxe4 cxd4 33.Bxd4 Rf5 34.Ne3 Rf8 35.Nd5 a5 36.Nxe7+  0-1

[Event "TCh-CAT 2012"]
[Site "Catalunya ESP"]
[Date "2012.03.10"]
[Round "7.6"]
[White "Perpinya Rofes,L"]
[Black "Gual Pascual,A"]
[Result "0-1"]
[WhiteElo "2385"]
[BlackElo "2437"]

1.e4 d6 2.d4 g6 3.Nc3 Bg7 4.Nf3 Nf6 5.Be2 O-O 6.O-O Bg4 7.Be3 Nc6 8.d5 Bxf3
9.Bxf3 Ne5 10.Be2 c6 11.f4 Ned7 12.Bf3 cxd5 13.exd5 Nb6 14.Bd4 Rc8 15.a4 a6
16.b3 Qc7 17.Qd2 Nfd7 18.Bxg7 Kxg7 19.Ne2 Qxc2 20.Qd4+ Kg8 21.a5 Na8 22.Rfc1 Qxb3
23.Rcb1 Qc2 24.Rxb7 Nc5 25.Rb2 Qf5 26.h3 Rb8 27.g4 Qd3 28.Qxd3 Nxd3 29.Rd2 Nc5
30.Ra3 Nc7 31.Re3 Rb5  0-1

[Event "TCh-CAT 2012"]
[Site "Catalunya ESP"]
[Date "2012.03.10"]
[Round "7.5"]
[White "Escandell,J"]
[Black "Borras Duran,Pe"]
[Result "1-0"]
[WhiteElo "2273"]
[BlackElo "2180"]

1.e4 g6 2.d4 Bg7 3.Nc3 d6 4.Be3 Nd7 5.Nf3 a6 6.a4 b6 7.Bd3 Bb7 8.Qd2 e6 9.O-O h6
10.h3 Ne7 11.Ne2 Nf6 12.Ng3 Nh5 13.Nh2 Nxg3 14.fxg3 h5 15.c3 c5 16.Nf3 cxd4
17.cxd4 Nc6 18.b4 Rc8 19.Rab1 O-O 20.Qe2 Nb8 21.g4 hxg4 22.Ng5 Bxd4 23.Bxd4 Qxg5
24.Bf6 Qh6 25.hxg4 Nd7 26.g5 Qh4 27.Rf3 Nxf6 28.gxf6 Rc3 29.Rbf1 Rfc8 30.Qd2 Rxd3
31.Rxd3 Qxe4 32.Rh3  1-0

[Event "European Ind w 2012"]
[Site "Gaziantep TUR"]
[Date "2012.03.10"]
[Round "8"]
[White "Motycakova,M"]
[Black "Gvetadze,Sopi"]
[Result "0-1"]
[WhiteElo "2087"]
[BlackElo "2334"]

1.e4 g6 2.d4 Bg7 3.Nc3 d6 4.Be3 c6 5.Qd2 Nd7 6.f3 Qc7 7.h4 h5 8.Nh3 b5 9.Ng5 a6
10.Bd3 Nb6 11.Qf2 Rb8 12.Qg3 Nc4 13.Bxc4 bxc4 14.Nd1 Nf6 15.O-O O-O 16.b3 cxb3
17.axb3 Rb4 18.Nb2 Nd7 19.Nd3 Rb8 20.Ra4 Rd8 21.Qf4 Rf8 22.Qg3 Rd8 23.Qf4 Rf8
24.Qg3 Rb5 25.Nf4 Nf6 26.Nd3 Qb8 27.Bf4 Nd7 28.Be3 Qb6 29.Qf2 Qd8 30.Qg3 e5
31.f4 Nb6 32.dxe5 Nxa4 33.bxa4 Rb7 34.exd6 Qxd6 35.Kh2 Re8 36.Bc5 Qb8 37.Re1 Rb1
38.Bd6 Qb7 39.Re2 Qb6 40.Bc5 Qc7 41.Rf2 Bg4 42.Qe3 Qa5 43.e5 Qxa4 44.Ne4 Qa1
45.Kg3 Rbb8 46.Nd6 Re6 47.Qe4 Qh1 48.Qxc6 Bf8 49.Rd2 Be7 50.Kf2 Bxh4+ 51.Ke3 g5
52.Qc7 gxf4+ 53.Kxf4 Rf8 54.Bf2 Qxg2 55.Qb7  0-1

[Event "Reykjavik Open"]
[Site "Reykjavik ISL"]
[Date "2012.03.10"]
[Round "5.40"]
[White "Thorsteinsdottir,G"]
[Black "Perez,Fl"]
[Result "0-1"]
[WhiteElo "2085"]
[BlackElo "2269"]

1.d4 g6 2.e4 Bg7 3.Nc3 d6 4.Be3 Nd7 5.Nf3 c6 6.a4 Ngf6 7.h3 e5 8.Bc4 O-O
9.d5 Nb6 10.Bxb6 Qxb6 11.Bb3 Qb4 12.Nd2 Bh6 13.Qf3 Nd7 14.h4 Nc5 15.Ra3 cxd5
16.exd5 Bg4 17.Qf6 Bxd2+ 18.Kf1 Bxc3 19.h5 Ne4 20.Qh4 g5 21.bxc3 Qxa3  0-1

[Event "Reykjavik Open"]
[Site "Reykjavik ISL"]
[Date "2012.03.11"]
[Round "6.58"]
[White "Dave,D"]
[Black "Mozelius,P"]
[Result "1-0"]
[WhiteElo "2205"]
[BlackElo "1882"]

1.e4 g6 2.d4 Bg7 3.Nc3 d6 4.Be3 a6 5.Qd2 b5 6.a4 b4 7.Nd1 a5 8.c3 bxc3 9.bxc3 Nf6
10.f3 Nbd7 11.Bd3 O-O 12.Ne2 c5 13.O-O Ba6 14.Nf2 Qc7 15.Rfb1 Bxd3 16.Nxd3 Rfb8
17.Qa2 Qc6 18.dxc5 Nxc5 19.Rxb8+ Rxb8 20.Bxc5 dxc5 21.Qxf7+ Kxf7 22.Ne5+ Ke8
23.Nxc6 Rb2 24.Kf1 Nd7 25.Ra3 Ne5 26.Nxe5 Bxe5 27.f4 Bc7 28.g3 Kf7 29.Kf2 Kf6
30.Kf3 e5 31.Ra1 Ke6 32.Rd1 Ra2 33.Rd5 Rxa4 34.Rxc5 Bd6 35.Rb5 Ra2 36.fxe5 Bxe5
37.Nd4+ Kd6 38.Rd5+  1-0

[Event "Reykjavik Open"]
[Site "Reykjavik ISL"]
[Date "2012.03.11"]
[Round "6.59"]
[White "Bergsson,St"]
[Black "Guisset,P"]
[Result "1/2-1/2"]
[WhiteElo "2171"]
[BlackElo "1926"]

1.e4 g6 2.d4 d6 3.Nc3 Bg7 4.f4 Nf6 5.Nf3 O-O 6.Be2 c5 7.O-O cxd4 8.Nxd4 Nc6
9.Nxc6 bxc6 10.Bf3 Ba6 11.Re1 Ne8 12.Be3 Qc7 13.Qd2 Rb8 14.Rab1 Nf6 15.Qf2 Nd7
16.Bxa7 Rb7 17.Bd4 Rfb8 18.b3  1/2-1/2

[Event "Reykjavik Open"]
[Site "Reykjavik ISL"]
[Date "2012.03.11"]
[Round "7.75"]
[White "Finnbogadottir,T"]
[Black "Thorsteinsdottir,H"]
[Result "1/2-1/2"]
[WhiteElo "1810"]
[BlackElo "1959"]

1.e4 d6 2.d4 g6 3.Nc3 Bg7 4.Be3 a6 5.Nf3 b5 6.a3 Bb7 7.Be2 Nf6 8.Nd2 Nbd7
9.O-O c5 10.dxc5 dxc5 11.f3 O-O 12.Rb1 Qc7 13.Re1 Rfd8 14.Qc1 Rac8 15.Nd1 Ne5
16.Nf1 Qc6 17.Nf2 Ba8 18.Rd1 h5 19.Rxd8+ Rxd8 20.h3 Ne8 21.Nd3 Nxd3 22.Bxd3 Nc7
23.Bd2 Ne6 24.c3 c4 25.Qe1 Be5 26.Rd1 Rd6 27.Qf2 Nf4  1/2-1/2

[Event "TCh-SVK Extraliga 2011-12"]
[Site "Slovakia SVK"]
[Date "2012.03.11"]
[Round "11.5"]
[White "Lisko,F"]
[Black "Bezuch,M"]
[Result "0-1"]
[WhiteElo "2311"]
[BlackElo "2210"]

1.d4 g6 2.e4 Bg7 3.Nc3 d6 4.Be3 Nd7 5.f4 a6 6.Nf3 e6 7.Qd2 Ne7 8.O-O-O b5
9.Bd3 h6 10.g4 Bb7 11.h3 b4 12.Ne2 c5 13.Ng3 Qa5 14.Kb1 Nb6 15.Qe2 d5 16.dxc5 Na4
17.Bd4 Bxd4 18.Nxd4 dxe4 19.Nxe4 Nd5 20.Nb3 Qc7 21.Nd6+ Ke7 22.Qe5 f6 23.Qd4 Rhd8
24.Bxg6 Nxc5 25.Nf5+ exf5 26.Rhe1+ Ne4 27.Ka1 Kf8 28.Bxf5 Ne7 29.Qxb4 a5
30.Rxd8+ Rxd8 31.Nxa5 Nd6 32.Nxb7 Nxb7 33.Bd3 Nc5 34.Bc4 Qd6 35.a3 Rb8 36.Qa5 Qd4
37.Bb5 Nc6 38.Re8+ Rxe8 39.Bxc6 Rd8 40.Qc7  0-1

[Event "Nis Open 2012"]
[Site "Nis SRB"]
[Date "2012.03.12"]
[Round "2"]
[White "Milenkovic,Ml"]
[Black "Lukic,I"]
[Result "1-0"]
[WhiteElo "2397"]
[BlackElo "2114"]

1.e4 d6 2.d4 g6 3.Nc3 Bg7 4.f4 Nc6 5.Be3 e5 6.dxe5 dxe5 7.Qxd8+ Kxd8 8.O-O-O+ Bd7
9.Nf3 Kc8 10.Bc4 Nh6 11.h3 f5 12.Nxe5 Nxe5 13.fxe5 Re8 14.Rhe1 fxe4 15.Bf4 e3
16.Rxe3 Be6 17.Bxe6+ Rxe6 18.Red3 b6 19.Rd7 Nf5 20.Nb5 Re7 21.e6  1-0

[Event "Reykjavik Open"]
[Site "Reykjavik ISL"]
[Date "2012.03.12"]
[Round "8.15"]
[White "Perez,Fl"]
[Black "Danielsen,Hen"]
[Result "0-1"]
[WhiteElo "2269"]
[BlackElo "2504"]

1.e4 g6 2.d4 Bg7 3.Nc3 d6 4.Nge2 Nd7 5.g3 c5 6.Bg2 Rb8 7.a4 b6 8.O-O a6 9.h3 Ngf6
10.Be3 O-O 11.g4 cxd4 12.Bxd4 Bb7 13.Ng3 e5 14.Be3 Nc5 15.b4 Ne6 16.g5 Ne8
17.Nd5 Nxg5 18.Nxb6 Ne6 19.a5 Nf4 20.Ra3 f5 21.Nd5 Bxd5 22.exd5 Rxb4 23.c3 Rc4
24.Bxf4 Rxf4 25.Qd3 Nc7 26.Ne2 Rh4 27.Rb3 e4 28.Qc4 Nb5 29.Rxb5 axb5 30.Qxb5 f4
31.f3 e3 32.a6 Rh5 33.c4 Rhf5 34.Rb1 R5f7 35.c5 dxc5 36.Qxc5 Be5 37.Rb6 Qh4
38.Qc4 Qf2+ 39.Kh2 Rf5 40.Rb1 Rg5 41.Rg1 Rxg2+ 42.Rxg2 Qxf3 43.a7 Qh5 44.d6+ Kh8
45.Qe4 f3+ 46.Ng3 fxg2 47.a8=Q g1=Q+ 48.Kxg1 Qd1+ 49.Kh2 Qd2+ 50.Kh1 Qe1+  0-1

[Event "Reykjavik Open"]
[Site "Reykjavik ISL"]
[Date "2012.03.12"]
[Round "8.19"]
[White "Kristjansson,St"]
[Black "Gislason,G"]
[Result "0-1"]
[WhiteElo "2500"]
[BlackElo "2346"]

1.e4 g6 2.d4 Bg7 3.Nc3 d6 4.Be3 a6 5.Qd2 Nd7 6.Nf3 b5 7.a4 b4 8.Nd5 a5 9.Bc4 e6
10.Bg5 f6 11.Nf4 Nf8 12.Bh4 Bh6 13.e5 g5 14.Qe2 gxh4 15.Qe4 Rb8 16.Nxe6 Nxe6
17.Nxh4 Kf8 18.O-O d5 19.Qxd5 Qxd5 20.Bxd5 Nxd4 21.Rad1 fxe5 22.f4 Ne2+ 23.Kh1 Nxf4
24.g3 Ke7 25.gxf4 Nf6  0-1

[Event "ch-Moscow Final 2012"]
[Site "Moscow RUS"]
[Date "2012.03.13"]
[Round "4"]
[White "Vavulin,M"]
[Black "Korotylev,A"]
[Result "0-1"]
[WhiteElo "2283"]
[BlackElo "2574"]

1.e4 d6 2.d4 g6 3.Nc3 Bg7 4.Be3 a6 5.Qd2 b5 6.h4 Nf6 7.Bh6 Bxh6 8.Qxh6 Nbd7
9.f3 c5 10.Nge2 Qa5 11.Qd2 Bb7 12.Nd1 Qxd2+ 13.Kxd2 cxd4 14.Nxd4 d5 15.exd5 Nxd5
16.Ne3 Nxe3 17.Kxe3 Nb6 18.Bd3 Rc8 19.Kf2 O-O 20.Rhe1 e6 21.Nb3 Na4 22.Rab1 Rfd8
23.Red1 Bd5 24.c3 Kg7 25.Ke3 f5 26.Bc2 Kf6 27.Nc1 Nb6 28.Kf2 b4 29.Rd3 Bc4
30.Rxd8 Rxd8 31.Bb3 Rd2+ 32.Kg1 bxc3 33.bxc3 h6 34.a4 a5 35.Bxc4 Nxc4 36.Nb3 Rd5
37.Kf2 Rd3 38.Rc1 e5 39.Rc2 e4 40.fxe4 fxe4 41.Nc5 e3+ 42.Ke2 Rd8 43.Nb3 Kf5
44.Nd4+ Ke4 45.Rc1 Rf8 46.Nf3 Rb8 47.Ne1 Rb2+ 48.Rc2 Rb1 49.Nd3 Rg1 50.Ne1 h5
51.Rc1 Rh1 52.Rd1 Nd2 53.Nf3 Rxd1 54.Ng5+ Kf5 55.Kxd1 Kg4 56.Ke2 Nc4 57.Nf3 Kg3
58.Kf1 Nb2 59.Ke2 Nxa4 60.c4 Nb6 61.c5 Nd5 62.Ne5 a4 63.Nc4 Kxg2 64.Nxe3+ Nxe3
65.Kxe3 a3 66.c6 a2 67.c7 a1=Q 68.c8=Q Qe5+ 69.Kd2 Qd4+ 70.Kc2 Kg3 71.Qc6 Qf2+
72.Kb1 Qf1+ 73.Ka2 Qg2+  0-1

[Event "6th Agzamov Memorial"]
[Site "Tashkent UZB"]
[Date "2012.03.13"]
[Round "8"]
[White "Potapov,P"]
[Black "Temirov,B"]
[Result "1-0"]
[WhiteElo "2473"]
[BlackElo "2322"]

1.e4 d6 2.d4 g6 3.Nc3 Bg7 4.Be3 Nc6 5.f4 e5 6.dxe5 dxe5 7.Qxd8+ Nxd8 8.Nb5 Ne6
9.f5 gxf5 10.exf5 a6 11.fxe6 axb5 12.Bxb5+ c6 13.exf7+ Kxf7 14.Bc4+ Be6 15.Bxe6+ Kxe6
16.Nf3 h6 17.a3 Ne7 18.O-O-O Nd5 19.Rhe1  1-0

[Event "ch-Moscow Final 2012"]
[Site "Moscow RUS"]
[Date "2012.03.14"]
[Round "5"]
[White "Aldokhin,I"]
[Black "Apryshko,G"]
[Result "1-0"]
[WhiteElo "2375"]
[BlackElo "2327"]

1.e4 g6 2.d4 Bg7 3.Nc3 d6 4.Be3 e6 5.f4 Ne7 6.Nf3 a6 7.Bd3 f5 8.Qd2 Nbc6
9.O-O-O Nb4 10.Be2 fxe4 11.Nxe4 Nbd5 12.Bf2 O-O 13.g3 b5 14.Rhe1 h6 15.Bf1 g5
16.h4 gxf4 17.g4 Qe8 18.Bd3 Ne3 19.Bxe3 fxe3 20.Qxe3 Nd5 21.Qf2 Nb4 22.g5 Qf7
23.Rf1 Bb7 24.Qg1 Qf4+ 25.Kb1 Bxe4 26.gxh6 Qxh6 27.Bxe4 Rae8 28.Ng5 d5 29.Bh7+ Kh8
30.c3 Nc6 31.Bc2 Nd8 32.Qg3 Rxf1 33.Rxf1 e5 34.dxe5 Bxe5 35.Qd3 Bg7 36.Qxd5 Qxh4
37.Nf3 Qh3 38.Qd1 Qg3 39.Qd7  1-0

[Event "6th Agzamov Memorial"]
[Site "Tashkent UZB"]
[Date "2012.03.14"]
[Round "9"]
[White "Niyazmetov,R"]
[Black "Rustamov,Al"]
[Result "1-0"]
[WhiteElo "2207"]
[BlackElo "2205"]

1.e4 g6 2.d4 Bg7 3.Nc3 d6 4.Be3 c6 5.Qd2 b5 6.f3 Nd7 7.h4 h5 8.Nh3 b4 9.Nd1 e5
10.Ndf2 exd4 11.Bxd4 Ngf6 12.Be3 Qe7 13.O-O-O d5 14.exd5 Nxd5 15.Bg5 N7f6
16.Re1 Be6 17.Nf4 Rd8 18.Bc4 O-O 19.Nxe6 fxe6 20.Ne4 Kh8 21.g4 Nc3 22.Qe3 Ncxe4
23.fxe4 Qc7 24.gxh5 Ng4 25.Qc5 Bd4 26.Qe7 Qe5 27.hxg6 Bxb2+ 28.Kb1 Qg7 29.Qxg7+ Bxg7
30.Bxd8 Rxd8 31.Bxe6 Nf2 32.Rhf1 Rd2 33.e5  1-0

[Event "TCh-CAT 2012"]
[Site "Catalunya ESP"]
[Date "2012.03.17"]
[Round "8.1"]
[White "Magem Badals,J"]
[Black "Movsziszian,K"]
[Result "1-0"]
[WhiteElo "2545"]
[BlackElo "2483"]

1.e4 g6 2.d4 Bg7 3.Nc3 d6 4.Be3 a6 5.Nf3 b5 6.Bd3 Bb7 7.e5 Nd7 8.e6 fxe6
9.Ng5 Nf8 10.O-O Nf6 11.Re1 Qd7 12.Bd2 h6 13.Nf3 g5 14.h3 Rg8 15.a4 b4 16.Ne4 Nxe4
17.Bxe4 Bxe4 18.Rxe4 Qc6 19.Qe2 a5 20.c3 bxc3 21.bxc3 Bf6 22.c4 h5 23.d5 exd5
24.cxd5 Qxd5 25.Bc3 Bxc3 26.Rxe7+ Kd8 27.Re8+ Kd7 28.Qe7+ Kc6 29.Rxa8 Bxa1
30.Qe8+ Kb6 31.Rb8+ Ka7 32.Rb5 Ng6 33.Qe1 Qc6 34.Qxa5+  1-0

[Event "e2e4 High Wycombe Open"]
[Site "High Wycombe ENG"]
[Date "2012.03.17"]
[Round "2"]
[White "Varnam,L"]
[Black "Ghasi,A"]
[Result "0-1"]
[WhiteElo "2059"]
[BlackElo "2400"]

1.e4 g6 2.d4 Bg7 3.Nc3 d6 4.Nf3 a6 5.a4 b6 6.Bc4 e6 7.O-O Ne7 8.Re1 h6 9.h4 Nd7
10.Bf4 Bb7 11.Qd2 Nf6 12.Rad1 d5 13.exd5 Nexd5 14.Be5 Kf8 15.Nxd5 Nxd5 16.Bxd5 Bxd5
17.Qf4 Rc8 18.Bxg7+ Kxg7 19.Ne5 Qf6 20.Qg3 g5 21.c4 Bb7 22.Rf1 Qf4 23.Qxf4 gxf4
24.g3 Rhg8 25.Nd3 fxg3 26.fxg3 Be4 27.Rf4 f5 28.Ne5 Rcd8 29.Kf2 c5 30.Nf3 cxd4
31.Rxd4 Rxd4 32.Nxd4 Kf6 33.g4 e5 34.Rxf5+ Bxf5 35.Nxf5 Rxg4  0-1

[Event "ch-Moscow Final 2012"]
[Site "Moscow RUS"]
[Date "2012.03.17"]
[Round "8"]
[White "Konovalov,N"]
[Black "Losev,D"]
[Result "1-0"]
[WhiteElo "2424"]
[BlackElo "2315"]

1.d4 g6 2.e4 Bg7 3.Nc3 d6 4.Bg5 Nc6 5.Nge2 h6 6.Bh4 Nf6 7.Qd2 O-O 8.O-O-O Re8
9.f4 Bg4 10.Qe3 Qb8 11.e5 Nd7 12.e6 fxe6 13.h3 Bxe2 14.Qxe6+ Kh7 15.Bxe2 Nf8
16.Qf7 Qc8 17.Bg4 Qd8 18.d5 Nb8 19.Rde1 Nbd7 20.Bxe7 Qb8 21.f5 gxf5 22.Qxf5+ Kh8
23.Bh5 Rc8 24.Ne4 Ne5 25.Nf6  1-0

[Event "e2e4 High Wycombe Open"]
[Site "High Wycombe ENG"]
[Date "2012.03.18"]
[Round "4"]
[White "Merry,Alan B"]
[Black "Ghasi,A"]
[Result "0-1"]
[WhiteElo "2130"]
[BlackElo "2400"]

1.e4 g6 2.d4 Bg7 3.Nc3 d6 4.Bg5 a6 5.f4 Nc6 6.d5 Nd4 7.Qd2 c5 8.Nd1 Nf6 9.Nf2 h6
10.Bh4 e5 11.c3 Nb5 12.a4 Nc7 13.fxe5 dxe5 14.Nf3 O-O 15.Be2 Qd6 16.Qc2 Nce8
17.a5 Nh5 18.Nd2 Nf4 19.Bf3 g5 20.Nc4 Qg6 21.Nb6 Rb8 22.Bg3 Nd6 23.O-O-O h5
24.Bxf4 exf4 25.g3 g4 26.gxf4 gxf3 27.Rhg1 Qh6 28.Qd2 Kh8 29.Rg5 f6 30.Rg3 Bg4
31.h3 f5 32.e5 Ne4 33.Nxe4 fxe4 34.hxg4 Bxe5 35.fxe5 e3 36.Qd3 e2+ 37.g5 exd1=Q+
38.Kxd1 Qg7 39.Rxf3 Qxg5 40.Rxf8+ Rxf8 41.Kc2 Qxe5 42.Nd7 Rf2+ 43.Kb3 Qe2
44.Qxe2 Rxe2 45.Nf6 h4 46.Kc4 Kg7 47.Nh5+ Kh6 48.Kd3 Re5 49.Nf6 Kg6  0-1

[Event "TCh-AUT 2 Ost 2011-12"]
[Site "Vienna AUT"]
[Date "2012.03.18"]
[Round "9"]
[White "Rampler,E"]
[Black "Stuhlik,M"]
[Result "0-1"]
[WhiteElo "1845"]
[BlackElo "2178"]

1.e4 g6 2.d4 Bg7 3.Nc3 d6 4.Be3 Nd7 5.Qd2 a6 6.Bd3 b5 7.a3 Bb7 8.h4 h5 9.Nce2 Rc8
10.Nh3 Ngf6 11.f3 e5 12.c3 exd4 13.Bxd4 Ne5 14.O-O O-O 15.Rad1 Qe7 16.Nef4 Rfd8
17.Rfe1 Rd7 18.Qf2 Re8 19.Bb1 Nc4 20.Ba2 c5 21.Be3 Qd8 22.Ng5 Nxe3 23.Qxe3 c4
24.Qf2 Nh7 25.Nxh7 Kxh7 26.Nd5 Re5 27.f4 Re8 28.Bb1 Bxd5 29.Rxd5 Bf6 30.Qc2 Bxh4
31.Re3 Qb6  0-1

[Event "13th EICC"]
[Site "Plovdiv BUL"]
[Date "2012.03.22"]
[Round "3.96"]
[White "Filev,G"]
[Black "Nevednichy,V"]
[Result "1-0"]
[WhiteElo "2372"]
[BlackElo "2562"]

1.e4 g6 2.d4 Bg7 3.Nc3 d6 4.f4 c6 5.Nf3 Bg4 6.Be3 Qb6 7.Qd2 Nf6 8.O-O-O d5
9.e5 Ng8 10.Qf2 e6 11.h3 Bxf3 12.Qxf3 Ne7 13.g4 Nd7 14.Bd3 O-O-O 15.f5 gxf5
16.gxf5 Nxf5 17.Bxf5 exf5 18.Rhg1 Bf8 19.Qxf5 Bb4 20.Nb1 Rde8 21.a3 Rxe5
22.Qf3 Rxe3 23.Qxe3 Bd6 24.Nc3 Qa5 25.Rdf1 Nb6 26.Rxf7 Nc4 27.Qe6+ Kb8 28.Rgg7 Qb6
29.Na4 Qb5 30.Rxb7+ Qxb7 31.Rxb7+ Kxb7 32.Qd7+ Bc7 33.Nc5+ Kb6 34.Na4+ Kb7
35.Nc5+ Kb6 36.Ne6 Bh2 37.Nd8 Bf4+ 38.Kb1  1-0

[Event "10th Red River Shootout 2012"]
[Site "Davis USA"]
[Date "2012.03.25"]
[Round "2.11"]
[White "Zhong,Howard"]
[Black "O'Neill,J"]
[Result "1/2-1/2"]
[WhiteElo "1867"]
[BlackElo "1785"]

1.e4 g6 2.d4 Bg7 3.Nc3 d6 4.Nf3 a6 5.Be2 Nd7 6.Be3 c5 7.O-O Ngf6 8.h3 O-O
9.Qd2 b5 10.dxc5 b4 11.Nd5 Nxe4 12.Qxb4 Nexc5 13.Bd4 e5 14.Bc3 Rb8 15.Qa3 e4
16.Nd4 Qg5 17.Nc6 Nb6 18.Nde7+ Kh8 19.Bxg7+ Kxg7 20.Nxc8 Rbxc8 21.Nd4 Nd5
22.Qg3 Qxg3 23.fxg3 Ne3 24.Rfe1 Nd5 25.c4 Nb4 26.a3 Nbd3 27.Reb1 Rb8 28.b4 Na4
29.Bxd3 exd3 30.Rb3 Rfc8 31.Rxd3 Rxc4 32.Re1 Rbc8 33.Kf2 Rc3 34.Ree3 Rxd3
35.Rxd3 Rc1 36.Ne2 Ra1 37.Rxd6 Ra2 38.Rd3 Nb6 39.Rd6 Na4 40.Rd3 Nb6  1/2-1/2

[Event "13th EICC"]
[Site "Plovdiv BUL"]
[Date "2012.03.25"]
[Round "6.147"]
[White "Senetia,T"]
[Black "Tate,A"]
[Result "0-1"]
[WhiteElo "2188"]
[BlackElo "2350"]

1.e4 g6 2.d4 Bg7 3.Nc3 d6 4.Be3 a6 5.Qd2 Nd7 6.f4 Ngf6 7.Nf3 b5 8.e5 b4 9.exf6 bxc3
10.bxc3 Nxf6 11.Bd3 Rb8 12.Qe2 Qd7 13.a4 a5 14.O-O O-O 15.Bd2 Nd5 16.Bb5 c6
17.Bd3 e6 18.Rfb1 Rxb1+ 19.Rxb1 Qa7 20.Qf2 Bd7 21.g4 f5 22.gxf5 exf5 23.c4 Nf6
24.d5 c5 25.Qh4 Bxa4 26.Ra1 Bd7 27.Rxa5 Qb6 28.Bc3 Nxd5 29.Bxg7 Kxg7 30.Qe1 Nxf4
31.Qa1+ Kg8 32.Ra7 Qc6 33.Bf1 h6  0-1

[Event "ch-SRB Women 2012"]
[Site "Kac SRB"]
[Date "2012.03.27"]
[Round "6"]
[White "Tomin,Ks"]
[Black "Chelushkina,I"]
[Result "1/2-1/2"]
[WhiteElo "1876"]
[BlackElo "2263"]

1.e4 g6 2.d4 Bg7 3.Nc3 d6 4.Be3 c6 5.Qd2 b5 6.Nge2 Bb7 7.f3 Nd7 8.Ng3 h5
9.h4 Nb6 10.Bd3 Qc7 11.Qf2 b4 12.Nd1 c5 13.dxc5 dxc5 14.Bxc5 Na4 15.Bb5+ Bc6
16.Bxc6+ Qxc6 17.Bd4 e5 18.Bxa7 Nxb2 19.O-O Na4 20.Be3 Bf6 21.Qd2 Bxh4 22.Ne2 Be7
23.Nc1 Rc8 24.Nd3 Nc3 25.Nxc3 bxc3 26.Qf2 Qe6 27.a4 Nf6 28.a5 Rc6 29.Rfb1 O-O
30.Rb6 Ra8 31.Rxc6 Qxc6 32.Nxe5 Qc7 33.Bd4 Rxa5 34.Rxa5 Qxa5 35.Nc6 Qa1+
36.Qf1 Qa3 37.Nxe7+ Qxe7 38.Qc4 Ne8 39.Bxc3 Qa7+ 40.Qd4 Qxd4+ 41.Bxd4 Kf8
42.Kf2 Ke7 43.f4 Ke6 44.Kf3 Nd6 45.Bf2 f5 46.e5 Ne4 47.Be1 Kd5 48.Ba5 Nc5
49.Ke3 Ne6 50.Be1 Kc4 51.Bd2 Nd4 52.c3 Ne6 53.Be1 Nc5 54.Bd2 Kd5 55.Be1 Ne6
56.Bd2 Kc4 57.Be1 Nc5 58.Bd2 Ne6 59.Be1  1/2-1/2

[Event "European Senior Teams 2012"]
[Site "Rogaska Slatina SLO"]
[Date "2012.03.27"]
[Round "1.18"]
[White "Weinwurm,W"]
[Black "Theting,H"]
[Result "1-0"]
[WhiteElo "2172"]
[BlackElo "1980"]

1.e4 g6 2.d4 Bg7 3.Nc3 d6 4.Be3 Nd7 5.Qd2 e6 6.f4 Ne7 7.Nf3 b6 8.Bd3 Bb7
9.O-O Nf6 10.f5 exf5 11.exf5 Ng4 12.Rae1 O-O 13.Bg5 f6 14.Bf4 g5 15.Bg3 Qd7
16.Re6 Nh6 17.Bb5 Qd8 18.Nxg5 Nhxf5 19.Nh3 Kh8 20.Bc4 d5 21.Bb3 Bc8 22.Ree1 Nxg3
23.hxg3 c6 24.Nf4 Nf5 25.Qd3 Qd6 26.Nd1 a5 27.c3 Ba6 28.Qxf5 Bxf1 29.Rxf1 Qe7
30.Qh5 Qe4 31.Nf2 Qe8 32.Qf5 Qf7 33.Ng4 Rae8 34.Bc2 Qg8 35.Kh2 Re4 36.Bxe4 dxe4  1-0

[Event "13th EICC"]
[Site "Plovdiv BUL"]
[Date "2012.03.28"]
[Round "8.138"]
[White "Ivanov,Al3"]
[Black "Cherednichenko,S"]
[Result "1-0"]
[WhiteElo "2424"]
[BlackElo "2279"]

1.e4 d6 2.d4 g6 3.Nc3 Bg7 4.f4 a6 5.Nf3 b5 6.Bd3 Bb7 7.e5 Nh6 8.O-O c5 9.dxc5 dxe5
10.fxe5 Ng4 11.Bf4 O-O 12.Qe2 Nd7 13.Rad1 Qc8 14.c6 Qxc6 15.Be4 Qb6+ 16.Kh1 Bxe4
17.Qxe4 Rad8 18.Bg3 h5 19.Nd5 Nc5 20.Qb4 Qa7 21.h3 Rxd5 22.Rxd5 Ne3 23.Qxc5 Qxc5
24.Rxc5 Nxf1 25.Bf4 h4 26.Nxh4 Rd8 27.Nf3 Rd1 28.Rc8+ Kh7 29.Ng5+ Kh6 30.Nxf7+ Kh5
31.g4+ Kh4 32.Kg2  1-0

[Event "1st El Haouaria GMA"]
[Site "El Haouaria TUN"]
[Date "2012.03.29"]
[Round "3"]
[White "Zaibi,A"]
[Black "Lazic,Mir"]
[Result "1-0"]
[WhiteElo "2174"]
[BlackElo "2452"]

1.e4 g6 2.d4 Bg7 3.Nc3 d6 4.Be3 Nd7 5.Qd2 c6 6.h4 Ngf6 7.f3 b5 8.g4 h5 9.g5 Nh7
10.f4 Nb6 11.b3 O-O 12.Bd3 Bg4 13.a3 c5 14.Bxb5 cxd4 15.Bxd4 Bxd4 16.Qxd4 Qc7
17.Nge2 Bxe2 18.Bxe2 e5 19.fxe5 dxe5 20.Qe3 Rfc8 21.Rh3 Nf8 22.a4 Ne6 23.a5 Nd7
24.Bc4 Nd4 25.Rh2 Qd6 26.Rf2 Rxc4 27.bxc4 Rc8 28.Nd5 Rxc4 29.c3 Ne6 30.Rd1 Qc5
31.Qf3 Qf8 32.Qd3 Ra4 33.Nf6+ Nxf6 34.gxf6 Rxa5 35.Kf1 Nf4 36.Qd8 Qxd8 37.Rxd8+ Kh7
38.Rfd2 g5 39.hxg5 Ne6 40.R8d5 Ra1+ 41.Kf2 Nxg5 42.Rxe5 Kg6 43.Ke3 Rg1 44.Rf2 h4
45.Re8 Rg3+ 46.Kd4 Nf3+ 47.Kd5 Kxf6 48.c4 h3 49.c5 h2 50.Rh8 Ke7 51.e5 Rg1
52.Rxf3 h1=Q 53.Rxh1 Rxh1 54.Ra3 Rd1+ 55.Kc6 Rd7 56.Rf3 Kd8 57.e6  1-0

[Event "13th EICC"]
[Site "Plovdiv BUL"]
[Date "2012.03.29"]
[Round "9.78"]
[White "Dvirnyy,D"]
[Black "Roiz,M"]
[Result "1/2-1/2"]
[WhiteElo "2507"]
[BlackElo "2652"]

1.e4 g6 2.d4 Bg7 3.Nc3 d6 4.Bg5 c6 5.Qd2 b5 6.f4 Nd7 7.Nf3 Nb6 8.Bd3 Bg4
9.O-O Bxf3 10.Rxf3 Bxd4+ 11.Kh1 Bg7 12.Re1 f6 13.Bh4 Nh6 14.Ne2 Nf7 15.Nd4 Qd7
16.Qe2 a6 17.f5 Nd8 18.e5 dxe5 19.Nb3 Na4 20.Be4 Nf7 21.c4 Nd6 22.Rd1 Qc7
23.cxb5 axb5 24.Rc1 Nxe4 25.Qxe4 Qd7 26.fxg6 Qd5 27.Qc2 hxg6 28.Qxg6+ Qf7
29.Qe4 Qd5 30.Qg6+ Qf7 31.Qe4 Qd5 32.Qg6+ Qf7 33.Qe4  1/2-1/2

[Event "ch-Urals Men 2012"]
[Site "Satka RUS"]
[Date "2012.03.29"]
[Round "6"]
[White "Belyakov,B"]
[Black "Matveev,V3"]
[Result "0-1"]
[WhiteElo "2309"]
[BlackElo "2323"]

1.e4 d6 2.d4 g6 3.Nc3 Bg7 4.Be3 c6 5.Qd2 b5 6.Bd3 Nd7 7.a4 b4 8.Nce2 a5 9.Nf3 Ngf6
10.Bh6 O-O 11.Ng3 e5 12.O-O c5 13.dxe5 Nxe5 14.Be2 Bb7 15.Bxg7 Kxg7 16.Rfd1 Re8
17.Qf4 Qe7 18.Nh4 Kh8 19.Nhf5 gxf5 20.Nxf5 Ng6 21.Qxd6 Qxd6 22.Nxd6 Bxe4
23.Nxe8 Rxe8 24.Bd3 Bd5 25.Bxg6 hxg6 26.Re1 Kg7 27.Rxe8 Nxe8 28.Re1 Kf8 29.h4 Nc7
30.g4 Ne6 31.Re5 Bf3 32.h5 Kg7 33.hxg6 Kxg6 34.c3 bxc3 35.bxc3 Bd1 36.Re1 Bxg4
37.Rb1 Be2 38.Rb7 Bd1 39.Ra7 Bxa4 40.Rxa5 Bc2 41.f3 Kf6 42.Kf2 Ke5 43.Ke3 Kd5
44.Kd2 Bg6 45.Ra4 Ng7 46.Ke3 Nf5+ 47.Kf4 Nd6 48.Kg5 Bc2 49.Rf4 f5 50.Rh4 Nf7+
51.Kf6 Ne5 52.Rh2 Bd3 53.Rd2 c4 54.Rf2 Nd7+ 55.Kg5 Nb6 56.Ra2 Kc6 57.Ra3 Nd5
58.Kh4 Ne3 59.Ra1 Nf1 60.Kg5 Nd2 61.Kf4 Nb1 62.Ke3 Nxc3 63.Ra3 Nb5 64.Ra6+ Kc5
65.Ra8 Kb4 66.Rd8 Bc2 67.Rd2 Kb3 68.Rd5 Na3 69.Kd4 Bd3 70.Ke3 Kc3 71.Rd8 Nc2+
72.Kf4 Kd2 73.Rh8 c3 74.Rh2+ Be2 75.Rh8 Ne3 76.Rc8 c2 77.Rxc2+ Nxc2 78.Kxf5 Bxf3
79.Ke5 Ke3 80.Kf5 Kd4 81.Ke6 Ne3 82.Kf6 Be4 83.Ke6 Nc4 84.Kf6 Kd5 85.Ke7 Ke5
86.Kf7 Bf5 87.Kg7 Nd6 88.Kh8 Kf6 89.Kg8 Nf7 90.Kf8 Bh7 91.Ke8 Ne5 92.Kd8 Be4
93.Kc7 Nc4 94.Kd8 Bc6 95.Kc7 Bb5 96.Kd8 Ke6 97.Kc7 Ke7 98.Kc8 Kd6 99.Kd8 Ne5
100.Kc8 Bd7+ 101.Kb7 Nc4 102.Ka8 Kc7 103.Ka7 Bb5 104.Ka8 Nd6  0-1